000 00313nam a2200133 i 4500
001 bg
100 1 _aMOROZOW, V. I.
245 0 _aUstojčivost kinjaščich apparatov /
_cV.I. Morozow.
260 _aMoskva,
_c1969.
040 _cBPK
041 _apol
942 _cKS
008 s pl f |000 0 pol
999 _c12857
_d12857
856 _uhttp://koha.tu.koszalin.pl/cgi-bin/koha/opac-detail.pl?biblionumber=12857
_yKatalog online BPK